Computer communications systems : proceedings of the IFIP TC 6 First Iberian Conference on Data Communications, IBERICOM '87, Lisbon, Portugal, 19- 21 May, 1987 /

Bibliographic Details
Corporate Authors: IFIP TC 6 Iberian Conference on Data Communications Lisbon, Portugal, International Federation for Information Processing. Technical Committee 6.
Other Authors: Cerveira, Alexandre
Format: Conference Proceeding Book
Language:English
Published: Amsterdam ; New York : North-Holland ; 1988.
Subjects:

MARC

Tag First Indicator Second Indicator Subfields
LEADER 00000cam a2200000 a 4500
001 in00000009021
005 20231004142735.5
008 870917s1988 ne a b 101 0 eng
010 |a  87027277  
020 |a 0444703349 (U.S.) 
035 |a (OCoLC)16805535 
035 |9 AAA3092AM 
040 |a DLC  |c DLC  |d TXA  |d UtOrBLW 
049 |a TXAM  |c [A12628895] 
050 0 0 |a TK5105  |b .I325 1987 
082 0 |a 004.6  |2 19 
111 2 |a IFIP TC 6 Iberian Conference on Data Communications  |n (1st :  |d 1987 :  |c Lisbon, Portugal) 
245 1 0 |a Computer communications systems :  |b proceedings of the IFIP TC 6 First Iberian Conference on Data Communications, IBERICOM '87, Lisbon, Portugal, 19- 21 May, 1987 /  |c edited by Alexandre Cerveira. 
264 1 |a Amsterdam ;  |a New York :  |b North-Holland ;  |c 1988. 
264 2 |a New York, N.Y., U.S.A. :  |b Sole distributors for the U.S.A. and Canada, Elsevier Science, 
300 |a xi, 307 pages :  |b illustrations ;  |c 23 cm. 
336 |a text  |b txt  |2 rdacontent 
337 |a unmediated  |b n  |2 rdamedia 
338 |a volume  |b nc  |2 rdacarrier 
504 |a Includes bibliographies and index. 
650 0 |a Data transmission systems  |v Congresses. 
700 1 |a Cerveira, Alexandre. 
710 2 |a International Federation for Information Processing.  |b Technical Committee 6. 
999 |a MARS 
999 f f |s fcef22af-4986-3f34-bb6e-873ac80bea04  |i ff04b34a-e278-3336-af3e-29fae3f8a777  |t 0 
952 f f |p ric  |a Texas A&M University  |b Rellis Campus  |c Joint Library Facility  |d Remote Storage  |t 0  |e TK5105 .I325 1987  |h Library of Congress classification  |i unmediated -- volume  |m A14812628895 
998 f f |a TK5105 .I325 1987  |t 0  |l Remote Storage